000 00891nam a2200277Ia 4500
005 20220317000550.0
008 160601s2005 ag a g 000 0 spa
020 _a950126128X
082 0 4 _a808.545
_bP12c
100 1 _aPadovani, Ana
245 1 0 _aContar cuentos
_bdesde la práctica hacia la teoría
_cAna Padovani
250 _a1a. edición
_b1a. reimpresión
300 _a203 páginas
_c22 cm
490 _aCuestiones de educación
504 _aIncluye referencias bibliográficas
650 1 4 _2LEMB
_aNarración (Retórica)
650 1 4 _2LEMB
_aLectura oral
650 1 4 _2LEMB
_aLectura recreativa
650 1 4 _2LEMB
_aLectura enseñanza
942 _2ddc
_cBK
264 _aBuenos Aires
_bPaidós
_c2005
336 _atexto
_btxt
_2rdacontent
337 _asin mediación
_bn
_2rdamedia
338 _avolumen
_bnc
_2rdacarrier
040 _aCO-BoRNBP
_bspa
_erda
_cCO-BoRNBP
999 _c4411
_d4411